000 00593nab a2200193 4500
001 244442
003 OSt
005 20250820084119.0
007 tu
008 200917s2020|||||||
040 _aDE-2950
_cDE-2950
245 0 0 _aRame H. vorzeitig entlassen
_bJustiz. 2022 wurde der Fratelli-Gastronom zu sechs Jahren und acht Monaten Haft verurteilt. Jetzt ist er wieder frei/
_csam
264 _c2024
653 _aFrankfurt (Oder)
653 _aFratelli
653 _aRame H.
773 0 _g36. Jahrgang (2025) Nr. 191 vom 18.08.2025, S. 11 mit Foto
_tMärkische Oderzeitung
942 _2z
_cA
999 _c373964
_d373964